00465nam a2200193Ia 450000500170000000800460001702000180006303700100008104000080009104000080009904000080010704100080011504100080012308400080013110000120013924500510015126000080020285600610021020260123164124.0008 260114s9999 xx 000 0 eng d a9789390464074 aEBOOK aCRL beng cCRL 2eng aeng qCRL aKandula 0aHuman resource management in practice with 300 bPHI uhttps://elibrary.phindia.com/ebooks/reader/9789390464074